Countries with English as an Official Language - Sudden Death - Statistics

General Stats
  • This quiz has been taken 3,588 times
  • The average score is 8 of 13
Answers on the Grid
Answers color-coded by a green-red scale on the quiz's grid according to % correct below.
Ghana
Mali
Pakistan
Paraguay
Sudan
South Sudan
Botswana
Namibia
Mexico
Angola
Mozambique
Australia
India
Turkey
Iraq
Lebanon
Cameroon
Ethiopia
New Zealand
Kazakhstan
Zambia
Kenya
Chad
Uganda
 
Answer Stats
Answer % Correct
Australia
90%
New Zealand
88%
India
76%
Kenya
68%
Ghana
66%
Uganda
57%
Botswana
55%
Pakistan
55%
Zambia
52%
Namibia
47%
South Sudan
38%
Sudan
33%
Cameroon
32%
No matching quizzes found
Score Distribution
Percent of People with Each Score
Percentile by Number Answered
Your Score History
You have not taken this quiz